[Event "Madrid ch Veteranos 2018-2019"]
[Site "Madrid ESP"]
[Date "2019.01.07"]
[Round "1.22"]
[White "Menendez Domes, Juan"]
[Black "Rueda Maria, Ramiro"]
[Result "0-1"]
[WhiteElo "1393"]
[BlackElo "1819"]
[PlyCount "54"]
[EventDate "2019.01.07"]
[EventType "swiss"]
[EventRounds "9"]
[EventCountry "ESP"]
[SourceTitle "Ajedrez en Madrid"]
[Source "lmi"]
[SourceDate "2019.01.07"]
[SourceVersion "1"]
[SourceVersionDate "2019.01.22"]
[SourceQuality "1"]

1. e4 e5 2. Nf3 Nc6 3. Bc4 Bc5 4. d3 d6 5. Ng5 Nh6 6. Nc3 O-O 7. h3 Na5 8. Nf3
Nxc4 9. Bxh6 gxh6 10. dxc4 Be6 11. b3 Kh8 12. Qd2 Qf6 13. Nd5 Bxd5 14. cxd5 Qg6
15. O-O-O Qxg2 16. Nh4 Qxf2 17. Nf5 Rg8 18. Qxf2 Bxf2 19. Nxh6 Be3+ 20. Kb1
Bxh6 21. Rdf1 Bf4 22. c4 Rg2 23. Rhg1 Rag8 24. Rxg2 Rxg2 25. b4 Kg7 26. c5 Kf6
27. a4 Re2 0-1

[Event "Madrid ch Veteranos 2018-2019"]
[Site "Madrid ESP"]
[Date "2019.01.07"]
[Round "1.23"]
[White "Roldan Garcia, Angel"]
[Black "Suarez Mencia, Roberto"]
[Result "1-0"]
[WhiteElo "1812"]
[BlackElo "1392"]
[PlyCount "43"]
[EventDate "2019.01.07"]
[EventType "swiss"]
[EventRounds "9"]
[EventCountry "ESP"]
[SourceTitle "Ajedrez en Madrid"]
[Source "lmi"]
[SourceDate "2019.01.07"]
[SourceVersion "1"]
[SourceVersionDate "2019.01.22"]
[SourceQuality "1"]

1. e4 c5 2. c3 Nc6 3. d4 cxd4 4. cxd4 a6 5. Nf3 d6 6. Nc3 e6 7. Bd3 Be7 8. O-O
Nf6 9. Re1 O-O 10. a3 Qc7 11. Qc2 e5 12. Nd5 Nxd5 13. exd5 Bg4 14. dxc6 Bxf3
15. gxf3 g6 16. cxb7 Qxc2 17. Bxc2 Rab8 18. Be4 Kg7 19. dxe5 dxe5 20. Be3 f5
21. Bc6 f4 22. Ba7 1-0

[Event "Madrid ch Veteranos 2018-2019"]
[Site "Madrid ESP"]
[Date "2019.01.07"]
[Round "1.24"]
[White "Abad Martin-Camuñas, Luis"]
[Black "Campos Calvo-Sotelo, Juan"]
[Result "0-1"]
[WhiteElo "1369"]
[BlackElo "1811"]
[PlyCount "116"]
[EventDate "2019.01.07"]
[EventType "swiss"]
[EventRounds "9"]
[EventCountry "ESP"]
[SourceTitle "Ajedrez en Madrid"]
[Source "lmi"]
[SourceDate "2019.01.07"]
[SourceVersion "1"]
[SourceVersionDate "2019.01.22"]
[SourceQuality "1"]

1. d4 b5 2. e4 a6 3. a3 e6 4. Nc3 c5 5. Be3 cxd4 6. Bxd4 Nc6 7. Nf3 Nxd4 8.
Qxd4 Bb7 9. O-O-O Nf6 10. e5 Nd5 11. Nxb5 axb5 12. Bxb5 Bc6 13. Bxc6 dxc6 14.
c4 Nb6 15. Qxd8+ Rxd8 16. Rxd8+ Kxd8 17. Rd1+ Kc7 18. Ng5 Be7 19. Nxf7 Rf8 20.
Nd6 Rxf2 21. Ne8+ Kb7 22. Nxg7 Bg5+ 23. Kb1 Nxc4 24. Nxe6 Rxb2+ 25. Ka1 Rxg2
26. Rd7+ Kb6 27. Nxg5 Rxg5 28. Rxh7 Rxe5 29. Ka2 Re3 30. a4 Ra3+ 31. Kb1 Rxa4
32. h4 Nd2+ 33. Kc1 Nf3 34. h5 Rh4 35. h6 Rh1+ 36. Kb2 Ng5 37. Rg7 Rh5 38. Kc2
Kc5 39. Kd3 Ne6 40. Rh7 Rh3+ 41. Kd2 Kd6 42. Ke1 c5 43. Rh8 Ke7 44. Kf2 Kf6 45.
Kg2 Nf4+ 46. Kf2 Kg6 47. Rc8 Nd3+ 48. Ke2 Kxh6 49. Rh8+ Kg5 50. Rd8 Nf4+ 51.
Kd2 Kf5 52. Rc8 Ne6 53. Rg8 Ke5 54. Rg4 Nd4 55. Rg2 Rh2 56. Rxh2 Nf3+ 57. Kc3
Nxh2 58. Kc4 Kd6 0-1

[Event "Madrid ch Veteranos 2018-2019"]
[Site "Madrid ESP"]
[Date "2019.01.07"]
[Round "1.25"]
[White "Minguela Muñoz, Bienvenido"]
[Black "Infante Martin, Alonso"]
[Result "1-0"]
[WhiteElo "1802"]
[BlackElo "1348"]
[PlyCount "41"]
[EventDate "2019.01.07"]
[EventType "swiss"]
[EventRounds "9"]
[EventCountry "ESP"]
[SourceTitle "Ajedrez en Madrid"]
[Source "lmi"]
[SourceDate "2019.01.07"]
[SourceVersion "1"]
[SourceVersionDate "2019.01.22"]
[SourceQuality "1"]

1. Nf3 Nf6 2. d4 d5 3. g3 e6 4. Bg2 c6 5. O-O Bd6 6. c4 Ne4 7. Nc3 f5 8. e3 O-O
9. Qe2 Nd7 10. a3 Ndf6 11. Ne5 Nxc3 12. bxc3 Qc7 13. f4 Bxe5 14. fxe5 Nd7 15.
cxd5 cxd5 16. c4 Nb6 17. c5 Nc4 18. Rf4 g5 19. Rf2 Rf7 20. Qh5 Rg7 21. Qe8# 1-0

[Event "Madrid ch Veteranos 2018-2019"]
[Site "Madrid ESP"]
[Date "2019.01.07"]
[Round "1.26"]
[White "Navarro Corredor, Angel"]
[Black "Garcia Sanz, Eduardo"]
[Result "0-1"]
[WhiteElo "1343"]
[BlackElo "1795"]
[PlyCount "102"]
[EventDate "2019.01.07"]
[EventType "swiss"]
[EventRounds "9"]
[EventCountry "ESP"]
[SourceTitle "Ajedrez en Madrid"]
[Source "lmi"]
[SourceDate "2019.01.07"]
[SourceVersion "1"]
[SourceVersionDate "2019.01.22"]
[SourceQuality "1"]

1. Nf3 d5 2. d4 e6 3. Bf4 Nf6 4. e3 b6 5. Bb5+ c6 6. Bd3 Ba6 7. O-O Be7 8. h3
O-O 9. Ne5 Bxd3 10. Nxd3 Nfd7 11. Nd2 c5 12. dxc5 bxc5 13. c3 Qb6 14. Qc2 c4
15. Ne5 Nc5 16. b3 f6 17. Nef3 e5 18. Bg3 Qa6 19. b4 Qa4 20. Ne1 Qxc2 21. Nxc2
Na4 22. Nb1 Na6 23. a3 Nc7 24. Ne1 Nb5 25. Ra2 Naxc3 26. Nxc3 Nxc3 27. Rc2 Nb5
28. Ra2 a5 29. bxa5 Rxa5 30. Nc2 Rfa8 31. Rb1 Nc3 32. Rb7 Nxa2 33. Rxe7 Nc3 34.
Rc7 Nb5 35. Rd7 Nxa3 36. Nb4 c3 37. Rc7 Rb5 38. Nxd5 Rb1+ 39. Kh2 c2 40. Rxc2
Nxc2 41. Nc3 Rf1 42. h4 Raa1 43. Kh3 h5 44. Ne4 Kh7 45. Nd2 Rfd1 46. Nf3 Nb4
47. Nh2 Ra2 48. Nf3 Nd3 49. Kh2 Nxf2 50. Bxf2 Rxf2 51. Kg3 Re2 0-1

[Event "Madrid ch Veteranos 2018-2019"]
[Site "Madrid ESP"]
[Date "2019.01.07"]
[Round "1.27"]
[White "Fernandez Garcia, Ignacio"]
[Black "Perales Hernandez, Manuel"]
[Result "1-0"]
[WhiteElo "1769"]
[BlackElo "1333"]
[PlyCount "81"]
[EventDate "2019.01.07"]
[EventType "swiss"]
[EventRounds "9"]
[EventCountry "ESP"]
[SourceTitle "Ajedrez en Madrid"]
[Source "lmi"]
[SourceDate "2019.01.07"]
[SourceVersion "1"]
[SourceVersionDate "2019.01.22"]
[SourceQuality "1"]

1. e4 e5 2. Nf3 Nc6 3. Bc4 h6 4. Nc3 Bc5 5. d3 d6 6. h3 Na5 7. g4 g5 8. h4 gxh4
9. Nxh4 c6 10. Qf3 Nxc4 11. dxc4 Qf6 12. Nf5 Bxf5 13. exf5 O-O-O 14. Ne4 Qg7
15. g5 f6 16. g6 Bb6 17. Bd2 d5 18. cxd5 cxd5 19. Ng3 Rd7 20. O-O-O Qe7 21. Nh5
e4 22. Qg2 Qe5 23. g7 Rh7 24. Qg6 Ne7 25. Qxh7 Bxf2 26. Bf4 Be3+ 27. Bxe3 d4
28. Bf4 Qd5 29. Kb1 Rd8 30. Nxf6 Qf7 31. Rxh6 Ng8 32. Nxg8 Rxg8 33. Qxg8+ Qxg8
34. Rh8 e3 35. Rxg8+ Kd7 36. Bxe3 Ke7 37. Bxd4 Kf7 38. Rb8 Ke7 39. g8=Q Kd7 40.
Qe6+ Kc7 41. Be5# 1-0

[Event "Madrid ch Veteranos 2018-2019"]
[Site "Madrid ESP"]
[Date "2019.01.07"]
[Round "1.28"]
[White "Martin Rodriguez, Jose Luis"]
[Black "Perez Cameselle, Francisco"]
[Result "0-1"]
[WhiteElo "1285"]
[BlackElo "1767"]
[PlyCount "84"]
[EventDate "2019.01.07"]
[EventType "swiss"]
[EventRounds "9"]
[EventCountry "ESP"]
[SourceTitle "Ajedrez en Madrid"]
[Source "lmi"]
[SourceDate "2019.01.07"]
[SourceVersion "1"]
[SourceVersionDate "2019.01.22"]
[SourceQuality "1"]

1. c4 Nf6 2. Nc3 e6 3. Nf3 Bb4 4. g3 O-O 5. Bg2 Bxc3 6. dxc3 d6 7. O-O Nbd7 8.
Qc2 Qe7 9. b3 e5 10. Nh4 g6 11. Nf3 Re8 12. Bg5 Nf8 13. Rfe1 Ne6 14. Bd2 Nh5
15. Rad1 f5 16. Bc1 f4 17. Qd2 Nf6 18. Nh4 Rf8 19. Bd5 Nxd5 20. Qxd5 Rf7 21. e3
g5 22. Nf3 fxg3 23. hxg3 c6 24. Qxd6 Qxd6 25. Rxd6 Rxf3 26. Ba3 Kf7 27. Kg2 Rf6
28. Rh1 h6 29. Rdd1 b5 30. Bd6 bxc4 31. Bxe5 Rg6 32. Rh5 cxb3 33. axb3 c5 34.
Rdh1 Bb7+ 35. f3 Rd8 36. Kh3 Bxf3 37. Rf1 g4+ 38. Kh4 Rd2 39. Rf5+ Ke7 40. Kh5
Rg5+ 41. Rxg5 hxg5 42. Kg6 Be4+ 0-1

[Event "Madrid ch Veteranos 2018-2019"]
[Site "Madrid ESP"]
[Date "2019.01.07"]
[Round "1.29"]
[White "Barahona Torrijos, Angel"]
[Black "Perez Ramos, Miguel Angel"]
[Result "1-0"]
[WhiteElo "1735"]
[BlackElo "1131"]
[PlyCount "79"]
[EventDate "2019.01.07"]
[EventType "swiss"]
[EventRounds "9"]
[EventCountry "ESP"]
[SourceTitle "Ajedrez en Madrid"]
[Source "lmi"]
[SourceDate "2019.01.07"]
[SourceVersion "1"]
[SourceVersionDate "2019.01.22"]
[SourceQuality "1"]

1. d4 d5 2. Nf3 e6 3. Bg5 Be7 4. Bxe7 Qxe7 5. Nbd2 b6 6. e3 Bd7 7. Bd3 Nf6 8.
O-O a6 9. c4 Nc6 10. Rc1 Nb4 11. Bb1 c5 12. Ne5 Nc6 13. Nxd7 Qxd7 14. dxc5 bxc5
15. Nb3 Qd6 16. cxd5 exd5 17. Nxc5 O-O 18. Ne4 Qe6 19. Nxf6+ Qxf6 20. Qxd5 Ne7
21. Qe4 g6 22. Qd4 Qe6 23. Rfd1 Rfd8 24. Qe4 Qxe4 25. Bxe4 Rab8 26. b3 f5 27.
Bd3 a5 28. Kf1 Kf8 29. Ke2 Nd5 30. Bc4 Nb4 31. Rxd8+ Rxd8 32. a3 Nc6 33. Bb5
Ne5 34. Rc7 h5 35. Rc5 Ng4 36. f3 Nf6 37. Bc4 h4 38. Rxa5 Nh5 39. Ra7 Nf6 40.
Rf7+ 1-0

[Event "Madrid ch Veteranos 2018-2019"]
[Site "Madrid ESP"]
[Date "2019.01.08"]
[Round "2.1"]
[White "Camarero Izquierdo, Juan Carlos"]
[Black "Elissalt Cardenas, Hector"]
[Result "0-1"]
[WhiteElo "1860"]
[BlackElo "2303"]
[PlyCount "44"]
[EventDate "2019.01.07"]
[EventType "swiss"]
[EventRounds "9"]
[EventCountry "ESP"]
[SourceTitle "Ajedrez en Madrid"]
[Source "lmi"]
[SourceDate "2019.01.07"]
[SourceVersion "1"]
[SourceVersionDate "2019.01.22"]
[SourceQuality "1"]

1. d4 Nf6 2. Nc3 d5 3. Bg5 Nbd7 4. f3 c6 5. Qd3 Qa5 6. Bxf6 Nxf6 7. e4 dxe4 8.
fxe4 e5 9. d5 Bb4 10. d6 Be6 11. Nge2 O-O-O 12. Qe3 Rxd6 13. Rd1 Rxd1+ 14. Kxd1
Rd8+ 15. Kc1 Bxa2 16. Qg5 Be6 17. Nb1 Nxe4 18. Qxg7 Bd2+ 19. Nxd2 Qa1+ 20. Nb1
Qxb1+ 21. Kxb1 Rd1+ 22. Nc1 Nd2+ 0-1

[Event "Madrid ch Veteranos 2018-2019"]
[Site "Madrid ESP"]
[Date "2019.01.08"]
[Round "2.2"]
[White "Pastor Alonso De Prado, Alberto"]
[Black "Largo Barbero, Benito"]
[Result "1-0"]
[WhiteElo "2147"]
[BlackElo "1872"]
[PlyCount "49"]
[EventDate "2019.01.07"]
[EventType "swiss"]
[EventRounds "9"]
[EventCountry "ESP"]
[SourceTitle "Ajedrez en Madrid"]
[Source "lmi"]
[SourceDate "2019.01.07"]
[SourceVersion "1"]
[SourceVersionDate "2019.01.22"]
[SourceQuality "1"]

1. e4 e6 2. d4 d5 3. e5 c5 4. c3 Nc6 5. Nf3 Nh6 6. Be2 f6 7. exf6 gxf6 8. dxc5
Nf7 9. b4 e5 10. Nh4 Be6 11. f4 f5 12. Nf3 Bg7 13. b5 Ne7 14. fxe5 Nxe5 15. Nd4
Bd7 16. Nd2 N7g6 17. O-O O-O 18. Qb3 Ne7 19. N2f3 Qe8 20. Bg5 Kh8 21. Rae1 Rf7
22. Nxe5 Bxe5 23. Bh5 Ng6 24. Bxg6 hxg6 25. Qxd5 1-0

[Event "Madrid ch Veteranos 2018-2019"]
[Site "Madrid ESP"]
[Date "2019.01.08"]
[Round "2.3"]
[White "Rueda Maria, Ramiro"]
[Black "Sanchez Garcia, Aurelio"]
[Result "0-1"]
[WhiteElo "1819"]
[BlackElo "2058"]
[PlyCount "92"]
[EventDate "2019.01.07"]
[EventType "swiss"]
[EventRounds "9"]
[EventCountry "ESP"]
[SourceTitle "Ajedrez en Madrid"]
[Source "lmi"]
[SourceDate "2019.01.07"]
[SourceVersion "1"]
[SourceVersionDate "2019.01.22"]
[SourceQuality "1"]

1. e4 c5 2. Nf3 Nc6 3. d4 cxd4 4. Nxd4 g6 5. Be3 Bg7 6. Be2 Nf6 7. Nd2 O-O 8.
O-O d5 9. exd5 Nxd5 10. Nxc6 bxc6 11. c3 Nxe3 12. fxe3 Rb8 13. Nc4 Be6 14. Qxd8
Rfxd8 15. Rf2 Rd5 16. e4 Rc5 17. b3 Bxc3 18. Rd1 a5 19. Rf3 Bg7 20. Rfd3 a4 21.
Rd8+ Rxd8 22. Rxd8+ Bf8 23. Kf2 axb3 24. axb3 f5 25. Ke3 fxe4 26. Kxe4 Rd5 27.
Rb8 Bf5+ 28. Kf3 Rb5 29. Rxb5 cxb5 30. Ne3 Bd7 31. Ng4 Be6 32. Bxb5 Bxb3 33.
Ne3 Kg7 34. Ke4 Bg8 35. Ke5 Kh6 36. Bc4 Bg7+ 37. Kf4 Bxc4 38. Nxc4 Bd4 39. Nd2
Kg7 40. Nf3 Bc3 41. g4 h6 42. h4 Kf6 43. Ke4 h5 44. gxh5 gxh5 45. Kf4 Bb4 46.
Nd4 e5+ 0-1

[Event "Madrid ch Veteranos 2018-2019"]
[Site "Madrid ESP"]
[Date "2019.01.08"]
[Round "2.4"]
[White "Gonzalez Rivera, Eduardo"]
[Black "Lopez Heras, Arturo"]
[Result "1-0"]
[WhiteElo "2025"]
[BlackElo "1858"]
[PlyCount "103"]
[EventDate "2019.01.07"]
[EventType "swiss"]
[EventRounds "9"]
[EventCountry "ESP"]
[SourceTitle "Ajedrez en Madrid"]
[Source "lmi"]
[SourceDate "2019.01.07"]
[SourceVersion "1"]
[SourceVersionDate "2019.01.22"]
[SourceQuality "1"]

1. e4 c5 2. Nf3 d6 3. d4 cxd4 4. Nxd4 Nf6 5. Nc3 a6 6. Bc4 e6 7. O-O Be7 8. Bb3
b5 9. a3 O-O 10. f4 Bb7 11. f5 e5 12. Nde2 Nbd7 13. Ng3 Rc8 14. Bg5 Rxc3 15.
bxc3 Nxe4 16. Bxe7 Qxe7 17. Nxe4 Bxe4 18. c4 Nf6 19. cxb5 axb5 20. Qe2 Rb8 21.
a4 bxa4 22. Rxa4 d5 23. h3 Rc8 24. Kh2 h6 25. c4 d4 26. Ra6 Bc6 27. Rfa1 e4 28.
Qa2 Qe5+ 29. Kg1 e3 30. Rxc6 Rxc6 31. Qa8+ Qe8 32. Qxe8+ Nxe8 33. Ra8 Rb6 34.
Rxe8+ Kh7 35. Ba4 Rb1+ 36. Kh2 Rb2 37. c5 Rb4 38. Bd1 Rc4 39. Rd8 Rxc5 40. Rxd4
Re5 41. Be2 h5 42. Kg3 Kh6 43. Kf4 f6 44. h4 g6 45. fxg6 Kxg6 46. Re4 Ra5 47.
Rxe3 Ra4+ 48. Re4 Ra5 49. Bd3 Kf7 50. Rb4 Ke7 51. Rb5 Ra4+ 52. Be4 1-0

[Event "Madrid ch Veteranos 2018-2019"]
[Site "Madrid ESP"]
[Date "2019.01.08"]
[Round "2.5"]
[White "Campos Calvo-Sotelo, Juan"]
[Black "Lorenzo Bailador, Alfredo"]
[Result "1-0"]
[WhiteElo "1811"]
[BlackElo "2017"]
[PlyCount "75"]
[EventDate "2019.01.07"]
[EventType "swiss"]
[EventRounds "9"]
[EventCountry "ESP"]
[SourceTitle "Ajedrez en Madrid"]
[Source "lmi"]
[SourceDate "2019.01.07"]
[SourceVersion "1"]
[SourceVersionDate "2019.01.22"]
[SourceQuality "1"]

1. b4 e5 2. a3 d5 3. e3 Nf6 4. c4 c6 5. Bb2 Bd6 6. Nf3 Qe7 7. Nc3 O-O 8. cxd5
Nxd5 9. Ne4 Bc7 10. Be2 Nd7 11. O-O N7f6 12. Ng3 Bg4 13. h3 Bxf3 14. Bxf3 e4
15. Bg4 Be5 16. Nf5 Qc7 17. Nd4 Rfe8 18. Rc1 Qb6 19. Qc2 a5 20. f4 exf3 21.
Bxf3 axb4 22. Bxd5 Nxd5 23. a4 Qd8 24. Rf3 Nf6 25. Rcf1 Qd5 26. Nf5 b3 27. Qc1
Ne4 28. Bxe5 Rxe5 29. d4 Ree8 30. Qa3 Qe6 31. Rf4 f6 32. d5 cxd5 33. Qxb3 Rad8
34. Qxb7 Rd7 35. Qb2 Qe5 36. Qb5 Nd6 37. Qxd7 Nxf5 38. Qxf5 1-0

[Event "Madrid ch Veteranos 2018-2019"]
[Site "Madrid ESP"]
[Date "2019.01.08"]
[Round "2.6"]
[White "Martin Martin, Luis Vicente"]
[Black "Marcos Herrero, Francisco"]
[Result "1-0"]
[WhiteElo "1981"]
[BlackElo "1855"]
[PlyCount "93"]
[EventDate "2019.01.07"]
[EventType "swiss"]
[EventRounds "9"]
[EventCountry "ESP"]
[SourceTitle "Ajedrez en Madrid"]
[Source "lmi"]
[SourceDate "2019.01.07"]
[SourceVersion "1"]
[SourceVersionDate "2019.01.22"]
[SourceQuality "1"]

1. d4 Nf6 2. Bf4 c5 3. e3 b6 4. Nf3 g6 5. h3 Bg7 6. Be2 Bb7 7. O-O d6 8. Nbd2
Nbd7 9. a4 a6 10. c3 O-O 11. Bh2 Qc7 12. Qb1 Rfc8 13. Re1 Bh6 14. Bf1 Qc6 15.
Qa2 b5 16. dxc5 Nxc5 17. Nd4 Qb6 18. a5 Qd8 19. b4 Nce4 20. Nxe4 Nxe4 21. c4
bxc4 22. Bxc4 d5 23. Bd3 Bg7 24. Rac1 e5 25. Nb3 d4 26. Bxe4 Rxc1 27. Rxc1 Bxe4
28. exd4 exd4 29. Nc5 Rc8 30. Rd1 Bd5 31. Qe2 Qf6 32. f3 Qg5 33. Kh1 h5 34.
Qxa6 Re8 35. Qd3 Re3 36. Qf1 Rc3 37. Ne4 Bxe4 38. fxe4 Qe3 39. Qf4 Qe2 40. Rf1
f6 41. Bg1 d3 42. Bd4 Rc2 43. Qf3 Qxf3 44. gxf3 d2 45. Be3 Rc1 46. Rxc1 dxc1=Q+
47. Bxc1 1-0

[Event "Madrid ch Veteranos 2018-2019"]
[Site "Madrid ESP"]
[Date "2019.01.08"]
[Round "2.7"]
[White "Garcia Sanz, Eduardo"]
[Black "Cabañas Bravo, Juan Andres"]
[Result "1-0"]
[WhiteElo "1795"]
[BlackElo "1965"]
[PlyCount "101"]
[EventDate "2019.01.07"]
[EventType "swiss"]
[EventRounds "9"]
[EventCountry "ESP"]
[SourceTitle "Ajedrez en Madrid"]
[Source "lmi"]
[SourceDate "2019.01.07"]
[SourceVersion "1"]
[SourceVersionDate "2019.01.22"]
[SourceQuality "1"]

1. d4 Nf6 2. Nf3 g6 3. g3 Bg7 4. Bg2 O-O 5. O-O d5 6. c4 dxc4 7. Ne5 Ne8 8. Na3
c5 9. e3 cxd4 10. exd4 Nd6 11. Be3 c3 12. bxc3 Qa5 13. Qb3 Bxe5 14. dxe5 Qxe5
15. Bf4 Qc5 16. Rfe1 Nc6 17. Rad1 Be6 18. Rxe6 fxe6 19. Qxe6+ Nf7 20. Nc4 Ncd8
21. Qe2 Rc8 22. Ne5 Nxe5 23. Bxe5 b6 24. Bh3 Rc6 25. Rd7 Nf7 26. Bd4 Qh5 27.
Bg4 Qg5 28. h4 Qc1+ 29. Kg2 Qa3 30. Rxe7 a5 31. Rb7 Qd6 32. Bf3 Qe6 33. Qxe6
Rxe6 34. Bxb6 Nd8 35. Bd5 Nxb7 36. Bxe6+ Kg7 37. Bd5 Nd6 38. Bxa5 Rf5 39. c4
Ne4 40. Bb6 Nd6 41. Bd4+ Kf8 42. g4 Rf4 43. Be5 Rxg4+ 44. Kh3 Nxc4 45. Kxg4
Nxe5+ 46. Kg5 Kg7 47. a4 Nd3 48. a5 Nxf2 49. a6 h6+ 50. Kf4 Nd3+ 51. Kg3 1-0

[Event "Madrid ch Veteranos 2018-2019"]
[Site "Madrid ESP"]
[Date "2019.01.08"]
[Round "2.8"]
[White "Perez Cameselle, Francisco"]
[Black "Lopez de Turiso, Jose Angel"]
[Result "0-1"]
[WhiteElo "1767"]
[BlackElo "1950"]
[PlyCount "92"]
[EventDate "2019.01.07"]
[EventType "swiss"]
[EventRounds "9"]
[EventCountry "ESP"]
[SourceTitle "Ajedrez en Madrid"]
[Source "lmi"]
[SourceDate "2019.01.07"]
[SourceVersion "1"]
[SourceVersionDate "2019.01.22"]
[SourceQuality "1"]

1. Nf3 f5 2. g3 Nf6 3. Bg2 d6 4. d4 g6 5. c4 Bg7 6. Nc3 O-O 7. O-O c6 8. b3 Qa5
9. Bb2 e5 10. dxe5 dxe5 11. Qc1 e4 12. Nd4 Ng4 13. Nd1 Rd8 14. Nc2 Ne5 15. b4
Qc7 16. c5 Be6 17. Qf4 Nbd7 18. f3 exf3 19. exf3 Qc8 20. Qe3 Bc4 21. Rf2 Bd5
22. Nc3 Bf7 23. Na3 a5 24. b5 cxb5 25. Ncxb5 Qxc5 26. Bd4 Qf8 27. Rc1 Bh6 28.
f4 Ng4 29. Qe2 Nxf2 30. Qxf2 Rab8 31. Ba7 Rbc8 32. Rd1 b6 33. h4 Qc5 34. Qxc5
Nxc5 35. Rxd8+ Rxd8 36. Bxb6 Rd1+ 37. Kh2 Ne4 38. Bxa5 Bxa2 39. Bxe4 fxe4 40.
Nc3 Rd2+ 41. Kg1 Bf8 42. Nab5 Bc5+ 43. Kf1 Bc4+ 44. Ke1 Rb2 45. Nc7 e3 46. N3d5
Rb1# 0-1

[Event "Madrid ch Veteranos 2018-2019"]
[Site "Madrid ESP"]
[Date "2019.01.08"]
[Round "2.9"]
[White "Gil Sierra, Jacinto"]
[Black "Roldan Garcia, Angel"]
[Result "1-0"]
[WhiteElo "1914"]
[BlackElo "1812"]
[PlyCount "45"]
[EventDate "2019.01.07"]
[EventType "swiss"]
[EventRounds "9"]
[EventCountry "ESP"]
[SourceTitle "Ajedrez en Madrid"]
[Source "lmi"]
[SourceDate "2019.01.07"]
[SourceVersion "1"]
[SourceVersionDate "2019.01.22"]
[SourceQuality "1"]

1. e4 c5 2. Nf3 e6 3. d4 cxd4 4. Nxd4 Nc6 5. g3 a6 6. Bg2 Nf6 7. O-O Qc7 8. Nc3
Nxd4 9. Qxd4 Bc5 10. Qd3 Ng4 11. Bf4 Ne5 12. Na4 Ba7 13. Rad1 Nxd3 14. Bxc7 Nb4
15. c3 Nc6 16. Nb6 Bxb6 17. Bxb6 O-O 18. f4 a5 19. a4 Ra6 20. Bc5 Rd8 21. Rd6
b6 22. Be3 f6 23. Rfd1 1-0

[Event "Madrid ch Veteranos 2018-2019"]
[Site "Madrid ESP"]
[Date "2019.01.08"]
[Round "2.10"]
[White "Esteban Amo, Jose M"]
[Black "Minguela Muñoz, Bienvenido"]
[Result "1-0"]
[WhiteElo "1888"]
[BlackElo "1802"]
[PlyCount "41"]
[EventDate "2019.01.07"]
[EventType "swiss"]
[EventRounds "9"]
[EventCountry "ESP"]
[SourceTitle "Ajedrez en Madrid"]
[Source "lmi"]
[SourceDate "2019.01.07"]
[SourceVersion "1"]
[SourceVersionDate "2019.01.22"]
[SourceQuality "1"]

1. d4 Nf6 2. Bf4 c6 3. e3 Qb6 4. b3 Nd5 5. Bg3 e6 6. c3 a5 7. e4 Nf6 8. Bd3 a4
9. Nd2 Na6 10. Nc4 Qd8 11. Nd6+ Bxd6 12. Bxd6 axb3 13. axb3 b5 14. Nf3 Bb7 15.
O-O Qb6 16. e5 Nd5 17. Qd2 Qd8 18. c4 bxc4 19. bxc4 Ne7 20. Rfb1 Qc8 21. Qg5
1-0

[Event "Madrid ch Veteranos 2018-2019"]
[Site "Madrid ESP"]
[Date "2019.01.08"]
[Round "2.11"]
[White "Sotoca Aguado, Jose"]
[Black "Fernandez Garcia, Ignacio"]
[Result "1-0"]
[WhiteElo "1881"]
[BlackElo "1769"]
[PlyCount "93"]
[EventDate "2019.01.07"]
[EventType "swiss"]
[EventRounds "9"]
[EventCountry "ESP"]
[SourceTitle "Ajedrez en Madrid"]
[Source "lmi"]
[SourceDate "2019.01.07"]
[SourceVersion "1"]
[SourceVersionDate "2019.01.22"]
[SourceQuality "1"]

1. e4 d6 2. d4 Nf6 3. Nc3 Nbd7 4. Nf3 c6 5. Be2 Qc7 6. O-O e5 7. a4 Be7 8. Bg5
h6 9. Bh4 g5 10. Bg3 Nh5 11. dxe5 Nxg3 12. hxg3 dxe5 13. Bc4 Nf6 14. Qe2 Bg4
15. Rfd1 O-O 16. Rd2 Bc5 17. Rad1 Bd4 18. Rd3 Qb6 19. b3 Bh5 20. Nb1 Ng4 21.
Nxd4 exd4 22. Nd2 c5 23. Nf3 Ne5 24. R3d2 Kg7 25. Bd5 Rad8 26. Kf1 Qf6 27. Rd3
b6 28. Qd2 Bxf3 29. gxf3 Nxd3 30. Qxd3 Qe5 31. Qd2 f5 32. f4 Qe7 33. Re1 Qf6
34. e5 Qe7 35. Bc4 g4 36. e6 h5 37. Qe2 Kg6 38. Bd3 Rf6 39. Qe5 Rd6 40. Bc4 a6
41. Qxd6 Qxd6 42. e7 Qc6 43. e8=Q+ Qxe8 44. Rxe8 a5 45. Rg8+ Kh6 46. Rg5 Rf8
47. Bd3 1-0

[Event "Madrid ch Veteranos 2018-2019"]
[Site "Madrid ESP"]
[Date "2019.01.08"]
[Round "2.12"]
[White "Hernandez Garcia, Carlos"]
[Black "Viñas Lopez, Carlos"]
[Result "0-1"]
[WhiteElo "1733"]
[BlackElo "1879"]
[PlyCount "54"]
[EventDate "2019.01.07"]
[EventType "swiss"]
[EventRounds "9"]
[EventCountry "ESP"]
[SourceTitle "Ajedrez en Madrid"]
[Source "lmi"]
[SourceDate "2019.01.07"]
[SourceVersion "1"]
[SourceVersionDate "2019.01.22"]
[SourceQuality "1"]

1. e4 c5 2. Nf3 e6 3. d4 cxd4 4. Nxd4 Nf6 5. Nc3 Nc6 6. Be3 Bb4 7. Nxc6 bxc6 8.
Bd3 d5 9. a3 Bxc3+ 10. bxc3 dxe4 11. Be2 O-O 12. O-O Qa5 13. c4 Rd8 14. Qe1 Qc7
15. Qc3 e5 16. h3 h6 17. f4 exf3 18. Bxf3 Be6 19. Be2 Ne4 20. Qe1 Qe7 21. Bd3
Nc5 22. Be2 f5 23. Qb4 Rd4 24. c3 a5 25. Qb6 Ra6 26. Qb8+ Rd8 27. Bxc5 Qxc5+
0-1

[Event "Madrid ch Veteranos 2018-2019"]
[Site "Madrid ESP"]
[Date "2019.01.08"]
[Round "2.13"]
[White "Sanchez Peral, Pedro"]
[Black "Barahona Torrijos, Angel"]
[Result "1-0"]
[WhiteElo "1873"]
[BlackElo "1735"]
[PlyCount "95"]
[EventDate "2019.01.07"]
[EventType "swiss"]
[EventRounds "9"]
[EventCountry "ESP"]
[SourceTitle "Ajedrez en Madrid"]
[Source "lmi"]
[SourceDate "2019.01.07"]
[SourceVersion "1"]
[SourceVersionDate "2019.01.22"]
[SourceQuality "1"]

1. e4 e5 2. Nf3 Nc6 3. Bb5 a6 4. Bxc6 bxc6 5. d4 exd4 6. Qxd4 Qf6 7. O-O Qxd4
8. Nxd4 c5 9. Nf3 g6 10. Bf4 Bg7 11. Nc3 d6 12. Nd5 Ra7 13. e5 Be6 14. c4 c6
15. Ne3 d5 16. Ng5 d4 17. Nxe6 fxe6 18. Nc2 a5 19. Ne1 g5 20. Bxg5 Bxe5 21. Nd3
Bd6 22. Rfe1 Rg7 23. Bf4 Kd7 24. Bxd6 Kxd6 25. Re5 Nf6 26. Rae1 Re8 27. Rxc5
Ra7 28. f3 Nd7 29. Rh5 Nf8 30. c5+ Ke7 31. Ne5 Rc7 32. Nc4 a4 33. Nd6 Rb8 34.
Re2 Kf6 35. Rd2 e5 36. f4 exf4 37. Rxd4 Ng6 38. Rf5+ Kg7 39. Rxa4 Rxb2 40. Ne8+
Kh6 41. Nxc7 Rb1+ 42. Kf2 Rb2+ 43. Kf1 Rb1+ 44. Ke2 Rb2+ 45. Kd3 Rxg2 46. Ra6
Rxh2 47. Rxc6 Rxa2 48. Rxf4 1-0